Les oeuvres economiques de Sir William Petty / (Record no. 118877)

MARC details
000 -LEADER
campo de control de longitud fija 00647nam a2200193 4500
001 - NÚMERO DE CONTROL
campo de control 118877
003 - IDENTIFICADOR DE NÚMERO DE CONTROL
campo de control ES-MaACL
005 - FECHA Y HORA DE LA ÚLTIMA TRANSACCIÓN
campo de control 20230906191210.0
007 - CAMPO FIJO DE DESCRIPCIÓN FÍSICA--INFORMACIÓN GENERAL
campo de control de longitud fija t|
008 - DATOS DE LONGITUD FIJA--INFORMACIÓN GENERAL
campo de control de longitud fija 070214s1905 fr r ||||1| fre d
100 1# - ENTRADA PRINCIPAL--NOMBRE DE PERSONA
Nombre de persona Petty, William.
9 (RLIN) 91575
245 14 - MENCIÓN DEL TÍTULO
Título Les oeuvres economiques de Sir William Petty /
Mención de responsabilidad, etc. William Petty ; traduit de l'anglais par Henry Dussauze, Maurice Pasquier ; avec une preface de Albert Schatz.
260 ## - PUBLICACIÓN, DISTRIBUCIÓN, ETC.
Lugar de publicación, distribución, etc. Paris :
Nombre del editor, distribuidor, etc. L. Coquemard,
Fecha de publicación, distribución, etc. 1905.
300 ## - DESCRIPCIÓN FÍSICA
Extensión 2 v. ;
Dimensiones 23 cm.
700 1# - ENTRADA AGREGADA--NOMBRE PERSONAL
Nombre de persona Dussauze, Henry.
9 (RLIN) 46348
700 1# - ENTRADA AGREGADA--NOMBRE PERSONAL
Nombre de persona Pasquier, Maurice.
9 (RLIN) 89433
700 1# - ENTRADA AGREGADA--NOMBRE PERSONAL
Nombre de persona Schatz, Albert.
9 (RLIN) 104246
852 ## - LOCALIZACIÓN
Ubicación ES-MaACL
Número de control de estantería F-14101-2
Holdings
Estatus retirado Estado de pérdida Estado de daño No para préstamo Biblioteca de origen Biblioteca actual Ubicación en estantería Fecha de adquisición Fuente de adquisición Total de préstamos Signatura topográfica completa Código de barras Visto por última vez Precio de reemplazo Tipo de ítem Koha
        Biblioteca del Ateneo de Madrid Biblioteca del Ateneo de Madrid Sala Pecera Planta 2 17/01/2008     F-14101-2 1123930 23/02/2023 23/02/2023 Libro impreso